Loading...
| Fine Arts - Auditory Fine Arts | 0 | 4 | 0 | 0 | 40 | 124 | 131.50 | 2 | 4 |
| Science - Physics | 0 | 2 | 0 | 0 | 20 | 90 | 102.50 | 0 | 2 |
| Science - Other Science | 0 | 2 | 0 | 0 | 20 | 105 | 110.50 | 2 | 2 |
| Science - Biology | 0 | 2 | 1 | 0 | 15 | 86 | 108.50 | 1 | 2 |
| History - World History | 0 | 1 | 0 | 0 | 10 | 137 | 137.00 | 0 | 1 |
| History - Other History | 0 | 1 | 0 | 0 | 10 | 113 | 113.00 | 0 | 1 |
| Current Events | 0 | 1 | 0 | 0 | 10 | 128 | 128.00 | 0 | 1 |
| Philosophy | 0 | 1 | 0 | 0 | 10 | 118 | 118.00 | 0 | 1 |
| Religion | 0 | 0 | 0 | 0 | 0 | 0.00 | 0 | 0 | |
| History - European History | 0 | 1 | 2 | 0 | 0 | 132 | 132.00 | 0 | 1 |
| History - American History | 0 | 0 | 1 | 0 | -5 | 0.00 | 0 | 0 |